Οι αντιλήψεις των παιδιών για τα κινητά τηλέφωνα : μια διδακτική παρέμβαση με τη χρήση νέων τεχνολογιών ; διπλωματική εργασία [μεταπτυχιακή εργασία]
Αποθηκεύτηκε σε:
| Κύριος συγγραφέας: | |
|---|---|
| Άλλοι συγγραφείς: | |
| Μορφή: | Thesis Βιβλίο |
| Γλώσσα: | Greek |
| Δημοσίευση: |
2015.
|
| Θέματα: | |
| Διαθέσιμο Online: | http://hdl.handle.net/11610/16269 |
| Ετικέτες: |
Προσθήκη ετικέτας
Δεν υπάρχουν, Καταχωρήστε ετικέτα πρώτοι!
|
MARC
| LEADER | 00000cam a2200000 a 4500 | ||
|---|---|---|---|
| 001 | 1/106868 | ||
| 008 | 150610s2015####gr | ||| |||| ||gre|| | ||
| 040 | |a GR-MyUa |b gre |c GR-MyUa |e AACR2 | ||
| 041 | 0 | |a gre | |
| 082 | 7 | |a 621.38 |2 (23) | |
| 100 | 1 | |a Καβαλιέρου, Αικατερίνη. | |
| 245 | 1 | 3 | |a Οι αντιλήψεις των παιδιών για τα κινητά τηλέφωνα : |b μια διδακτική παρέμβαση με τη χρήση νέων τεχνολογιών ; διπλωματική εργασία [μεταπτυχιακή εργασία] / |c Καβαλιέρου Αικατερίνη ; επιβλέπουσα καθηγήτρια Λιαράκου Γεωργία. |
| 260 | |c 2015. | ||
| 300 | |a 131 σ. : |b πιν., εικ. ; |c 30 εκ. | ||
| 502 | # | # | |a Διατριβή (μεταπτυχιακή) – Πανεπιστήμιο Αιγαίου, Ρόδος, 2015. |
| 504 | |a Βιβλιογραφία: σ. 111-119. | ||
| 506 | 1 | |a Πλήρες κείμενο - ενδοπανεπιστημιακή δημοσίευση - κλειδωμένη η δυνατότητα αντιγραφής. | |
| 650 | 0 | |a Cellular telephones |x Social aspects. | |
| 650 | 0 | |a Cellular telephones. | |
| 650 | 0 | |a Students |x Attitudes. | |
| 650 | 0 | |a Mobile communication systems |x Social aspects. | |
| 700 | 1 | |a Λιαράκου, Γεωργία, |e dgsf [Επιβλέπουσα καθηγήτρια] | |
| 852 | |a INST |b RHODES |c DIATR |e 20150610 |h 621.38 ΚΑΒ |p 005400037808 |q 005400037808 |t MTXE |y 23 | ||
| 856 | |u http://hdl.handle.net/11610/16269 | ||
| 924 | |a Καβαλιέρου |b Αικατερίνη |y Ρόδος |z 2015-03 | ||
| 970 | |z 10-06-2015 | ||